| 000 | 00808cam a2200265 4500500 | ||
|---|---|---|---|
| 005 | 20260405003554.0 | ||
| 041 | _afre | ||
| 042 | _adc | ||
| 100 | 1 | 0 |
_aLacroix, Alexandre _eauthor |
| 245 | 0 | 0 | _aIda Dominijanni : “Giorgia Meloni, figure de l’extrême droite italienne, propose un ‘fratriarcat’” |
| 260 | _c2022. | ||
| 500 | _a1 | ||
| 690 | _aÉlection | ||
| 690 | _aEurope | ||
| 690 | _aExtrême droite | ||
| 690 | _aFascisme | ||
| 690 | _aFemme | ||
| 690 | _aGiorgia Meloni | ||
| 690 | _aItalie | ||
| 690 | _aMarine Le Pen | ||
| 690 | _aPatriarcat | ||
| 690 | _aPolitique | ||
| 786 | 0 | _nPhilosophie magazine | 163 | 10 | 2022-10-01 | p. 13-13 | 1951-1787 | |
| 856 | 4 | 1 | _uhttps://shs.cairn.info/magazine-philosophie-magazine-2022-10-page-13?lang=fr&redirect-ssocas=7080 |
| 999 |
_c2068867 _d2068867 |
||